[Event "HUN-ch U8-U18 2019"]
[Site "Balatonlelle"]
[Date "2019.06.26"]
[Round "8.13"]
[White "Gyurika, Tamas"]
[Black "Bilku, Andras"]
[Result "0-1"]
[WhiteElo "1643"]
[BlackElo "1907"]
[Annotator "NA RC"]
[PlyCount "84"]
[EventDate "2019.06.21"]
[EventType "swiss"]
[EventCountry "HUN"]
[SourceTitle "playchess.com"]
[Source "ChessBase"]
[SourceQuality "1"]
[TimeControl "40/5400+30:1800+30"]

1. e4 {[%emt 0:00:02]} c6 {[%emt 0:00:02]} 2. d4 {[%emt 0:00:17]} d5 {[%emt 0:00:02]} 3. exd5 {[%emt 0:00:14]} cxd5 {[%emt 0:00:05]} 4. Bd3 {[%emt 0:00:10]} Nc6 {[%emt 0:00:05]} 5. c3 {[%emt 0:00:16]} Nf6 {[%emt 0:00:09]} 6. Bf4 {[%emt 0:00:13]} Bg4 {[%emt 0:00:16]} 7. f3 {[%emt 0:00:49]} Bh5 {[%emt 0:00:05]} 8. Ne2 {[%emt 0:00:30]} Bg6 {[%emt 0:00:12]} 9. O-O {[%emt 0:02:08]} e6 {[%emt 0:00:31]} 10. Re1 {[%emt 0:00:45]} Be7 {[%emt 0:00:13]} 11. Bg3 {[%emt 0:02:09]} Bxd3 {[%emt 0:00:13]} 12. Qxd3 {[%emt 0:00:09]} O-O {[%emt 0:00:03]} 13. Nd2 {[%emt 0:00:57]} Rc8 {[%emt 0:00:37]} 14. f4 {[%emt 0:00:49]} g6 {[%emt 0:02:26]} 15. h3 {[%emt 0:02:52]} Bd6 {[%emt 0:00:45]} 16. Bh4 {[%emt 0:02:28]} Be7 {[%emt 0:00:19]} 17. Bf2 a6 {[%emt 0:00:33]} 18. Rf1 {[%emt 0:00:23]} Na5 {[%emt 0:00:51]} 19. b3 {[%emt 0:00:56]} Qc7 {[%emt 0:01:10]} 20. Rae1 {[%emt 0:02:10]} Qc6 {[%emt 0:00:54]} 21. Be3 {[%emt 0:01:02]} b5 {[%emt 0:00:34]} 22. Rc1 {[%emt 0:01:30]} Ba3 {[%emt 0:00:35]} 23. Rc2 {[%emt 0:00:19]} Nc4 {[%emt 0:02:02]} 24. Nxc4 {[%emt 0:02:30]} bxc4 {[%emt 0:00:14]} 25. Qd1 {[%emt 0:00:10]} Bd6 {[%emt 0:00:34]} 26. Ng3 {[%emt 0:03:59]} Qb5 {[%emt 0:02:27]} 27. b4 {[%emt 0:01:24]} Qa4 {[%emt 0:00:21]} 28. Rb2 {[%emt 0:00:44]} Qxd1 {[%emt 0:01:08]} 29. Rxd1 {[%emt 0:00:06]} Rb8 {[%emt 0:00:17]} 30. a4 {[%emt 0:01:04]} Rb7 {[%emt 0:00:23]} 31. Rdb1 {[%emt 0:00:38]} Rfb8 {[%emt 0:00:05]} 32. Kf2 {[%emt 0:00:55]} h5 {[%emt 0:01:01]} 33. h4 {[%emt 0:00:16]} Be7 {[%emt 0:00:52]} 34. Kf3 {[%emt 0:01:00]} Ng4 {[%emt 0:01:00]} 35. Rh1 {[%emt 0:00:24]} Bd6 {[%emt 0:00:52]} 36. Bd2 {[%emt 0:00:35]} f6 {[%emt 0:00:18]} 37. Re1 {[%emt 0:01:12]} e5 {[%emt 0:01:20]} 38. Ne2 {[%emt 0:01:53]} e4+ {[%emt 0:00:39]} 39. Kg3 {[%emt 0:00:07]} Kf7 {[%emt 0:01:34]} 40. Ng1 {[%emt 0:00:00]} Re7 {[%emt 0:00:00]} 41. Be3 {[%emt 0:02:01]} g5 {[%emt 0:02:26]} 42. Nh3 {[%emt 0:00:50]} Rg8 {[%emt 0:00:32]} 0-1

[Event "HUN-ch U8-U18 2019"]
[Site "Balatonlelle"]
[Date "2019.06.27"]
[Round "8.14"]
[White "Udvardi, Zalan"]
[Black "Papp, Levente"]
[Result "0-1"]
[WhiteElo "2211"]
[BlackElo "2350"]
[Annotator "RC"]
[PlyCount "82"]
[EventDate "2019.06.21"]
[EventType "swiss"]
[EventCountry "HUN"]
[SourceTitle "playchess.com"]
[Source "ChessBase"]
[SourceQuality "1"]
[TimeControl "40/5400+30:1800+30"]

1. e4 {[%emt 0:00:01]} e6 {[%emt 0:00:05]} 2. d4 {[%emt 0:00:04]} d5 {[%emt 0:00:05]} 3. Nc3 {[%emt 0:00:11]} Bb4 {[%emt 0:00:07]} 4. Nge2 {[%emt 0:00:17]} Nc6 {[%emt 0:00:27]} 5. a3 {[%emt 0:07:44]} Ba5 {[%emt 0:03:53]} 6. b4 {[%emt 0:16:04]} Bb6 {[%emt 0:00:05]} 7. Na4 {[%emt 0:00:41]} Qh4 {[%emt 0:10:11]} 8. Be3 {[%emt 0:22:07]} Nf6 {[%emt 0:09:57]} 9. e5 {[%emt 0:03:51]} Ng4 {[%emt 0:00:35]} 10. g3 {[%emt 0:00:28]} Nxe3 {[%emt 0:02:15]} 11. gxh4 {[%emt 0:04:49]} Nxd1 {[%emt 0:00:06]} 12. Rxd1 {[%emt 0:00:12]} Bd7 {[%emt 0:00:37]} 13. f4 {[%emt 0:04:23]} Nxb4 {[%emt 0:04:06]} 14. Nxb6 {[%emt 0:03:29]} Nxc2+ {[%emt 0:00:15]} 15. Kd2 {[%emt 0:00:23]} axb6 {[%emt 0:00:04]} 16. Kxc2 {[%emt 0:02:40]} Ba4+ {[%emt 0:00:42]} 17. Kc1 {[%emt 0:00:23]} Bxd1 {[%emt 0:00:04]} 18. Kxd1 {[%emt 0:00:06]} Rxa3 {[%emt 0:00:04]} 19. Kd2 {[%emt 0:01:30]} b5 {[%emt 0:02:46]} 20. Nc1 {[%emt 0:00:26]} b4 {[%emt 0:01:30]} 21. Nd3 {[%emt 0:03:39]} Ra2+ {[%emt 0:03:06]} 22. Ke3 {[%emt 0:00:05]} Ke7 {[%emt 0:12:34]} 23. Be2 {[%emt 0:02:44]} Rha8 {[%emt 0:00:26]} 24. Nxb4 {[%emt 0:04:31]} R8a3+ {[%emt 0:00:24]} 25. Nd3 {[%emt 0:00:37]} Rc3 {[%emt 0:04:20]} 26. Rb1 {[%emt 0:02:55]} b6 {[%emt 0:00:10]} 27. h3 {[%emt 0:02:21]} c5 {[%emt 0:02:29]} 28. dxc5 {[%emt 0:03:41]} bxc5 {[%emt 0:00:13]} 29. Rb7+ {[%emt 0:00:13]} Ke8 {[%emt 0:01:18]} 30. Bf1 {[%emt 0:01:13]} Rca3 {[%emt 0:00:09]} 31. Rb8+ {[%emt 0:02:18]} Kd7 {[%emt 0:00:05]} 32. Rb7+ {[%emt 0:00:21]} Kc6 {[%emt 0:00:05]} 33. Rxf7 {[%emt 0:00:05]} c4 {[%emt 0:00:05]} 34. Re7 {[%emt 0:00:09]} cxd3 {[%emt 0:00:20]} 35. Rxe6+ {[%emt 0:00:40]} Kc5 {[%emt 0:00:04]} 36. Bxd3 {[%emt 0:00:09]} Rh2 {[%emt 0:00:06]} 37. f5 {[%emt 0:01:49]} Rxh3+ {[%emt 0:00:07]} 38. Kf4 {[%emt 0:00:03]} Raxd3 {[%emt 0:01:47]} 39. Re8 {[%emt 0:02:22]} Rdf3+ {[%emt 0:00:07]} 40. Kg4 {[%emt 0:00:00]} Rhg3+ {[%emt 0:00:00]} 41. Kh5 {[%emt 0:00:26]} Rxf5# {[%emt 0:00:09]} 0-1

[Event "HUN-ch U8-U18 2019"]
[Site "Balatonlelle"]
[Date "2019.06.26"]
[Round "8.14"]
[White "Kresz, Tamas"]
[Black "Kovacs, Patrik Zsolt"]
[Result "1/2-1/2"]
[WhiteElo "1766"]
[BlackElo "1903"]
[Annotator "NA RC"]
[PlyCount "52"]
[EventDate "2019.06.21"]
[EventType "swiss"]
[EventCountry "HUN"]
[SourceTitle "playchess.com"]
[Source "ChessBase"]
[SourceQuality "1"]
[TimeControl "40/5400+30:1800+30"]

1. e4 {[%emt 0:00:02]} c6 {[%emt 0:00:05]} 2. d4 {[%emt 0:00:03]} d5 {[%emt 0:00:04]} 3. exd5 {[%emt 0:00:06]} cxd5 {[%emt 0:00:05]} 4. c4 {[%emt 0:00:08]} Nf6 {[%emt 0:00:11]} 5. Nc3 {[%emt 0:00:20]} Nc6 {[%emt 0:00:21]} 6. Bf4 {[%emt 0:00:10]} Bg4 {[%emt 0:01:54]} 7. Be2 {[%emt 0:02:14]} Bxe2 {[%emt 0:01:39]} 8. Ngxe2 {[%emt 0:00:17]} e6 {[%emt 0:00:50]} 9. c5 {[%emt 0:16:41]} Be7 {[%emt 0:03:42]} 10. Qa4 {[%emt 0:04:13]} a5 {[%emt 0:03:26]} 11. O-O {[%emt 0:04:48]} O-O {[%emt 0:01:10]} 12. h3 {[%emt 0:05:30]} Nd7 {[%emt 0:00:41]} 13. Qb5 {[%emt 0:08:47]} Qc8 {[%emt 0:01:51]} 14. Rfe1 {[%emt 0:05:05]} e5 {[%emt 0:02:37]} 15. Nxd5 {[%emt 0:13:30]} Re8 {[%emt 0:03:35]} 16. Nxe7+ {[%emt 0:09:10]} Rxe7 {[%emt 0:00:17]} 17. dxe5 {[%emt 0:02:50]} Ndxe5 {[%emt 0:02:29]} 18. Bxe5 {[%emt 0:11:12]} Nxe5 {[%emt 0:01:46]} 19. Nc3 {[%emt 0:02:20]} Qe8 {[%emt 0:01:50]} 20. Qxe8+ {[%emt 0:04:08]} Raxe8 {[%emt 0:00:10]} 21. Kf1 {[%emt 0:01:34]} f6 {[%emt 0:02:16]} 22. Nd5 {[%emt 0:03:17]} Rd7 {[%emt 0:00:09]} 23. Nb6 {[%emt 0:02:51]} Rd4 {[%emt 0:00:15]} 24. Re2 {[%emt 0:01:58]} Red8 {[%emt 0:00:16]} 25. g3 {[%emt 0:00:40]} Rd2 {[%emt 0:01:10]} 26. Rae1 {[%emt 0:00:27]} Kf8 {[%emt 0:06:35]} 1/2-1/2

[Event "HUN-ch U8-U18 2019"]
[Site "Balatonlelle"]
[Date "2019.06.27"]
[Round "8.15"]
[White "Miszler, Levente"]
[Black "Vanczak, Tamas"]
[Result "0-1"]
[WhiteElo "2041"]
[BlackElo "2311"]
[Annotator "TA"]
[PlyCount "46"]
[EventDate "2019.06.21"]
[EventType "swiss"]
[EventCountry "HUN"]
[SourceTitle "playchess.com"]
[Source "ChessBase"]
[SourceQuality "1"]

{[%evp 16,46,21,13,23,-15,-2,-8,11,-15,21,26,26,22,23,23,60,60,58,22,18,17,29,-437,-437,-488,-471,-492,-486,-476,-460,-619,-552]} 1. Nf3 d6 2. c4 e5 3. Nc3 Nf6 4. d3 c6 5. g3 Be7 6. Bg2 O-O 7. O-O Nbd7 8. Rb1 a5 9. a3 d5 {A22: English Opening: 1...e5 2 Nc3 Nf6} (9... Re8 10. b4 axb4 11. axb4 Nf8 12. Bb2 Ng6 13. Qb3 h6 14. b5 Be6 15. Rfd1 Bf8 16. Ba3 Qc8 17. Nd2 {½-½ (51) Hera,I (2608)-Berkes,F (2648) Zuerich 2017}) 10. e3 $146 ({Predecessor:} 10. cxd5 cxd5 11. b4 axb4 12. axb4 Re8 13. e3 Bf8 {1-0 (34) Jia,Z (1866)-Relyea,A (1800) Montreal 2015}) 10... dxc4 11. dxc4 Qc7 {The position is equal.} 12. Qc2 Nc5 {[%cal Bd7c5,Bc5a6,Ba6b4,Bb4d3][%mdl 32]} 13. b4 axb4 14. axb4 Na6 15. c5 Be6 16. Ng5 $1 Bg4 17. f4 h6 18. Nf3 exf4 19. exf4 $2 {[%mdl 8192] [#]} (19. gxf4 $11 {and White has nothing to worry.} Qd7 20. Ne5) 19... Nxb4 $1 $19 {[%mdl 512] Black is clearly winning.} 20. Qb3 (20. Rxb4 Bxc5+) 20... Bxc5+ 21. Kh1 Be6 22. Qd1 Bc4 23. Re1 Nd3 {Accuracy: White = 27%, Black = 53%.} 0-1

[Event "HUN-ch U8-U18 2019"]
[Site "Balatonlelle"]
[Date "2019.06.26"]
[Round "8.15"]
[White "Barsi, Botond"]
[Black "Petervari, Szabolcs"]
[Result "1-0"]
[WhiteElo "1850"]
[BlackElo "1816"]
[Annotator "NA RC"]
[PlyCount "89"]
[EventDate "2019.06.21"]
[EventType "swiss"]
[EventCountry "HUN"]
[SourceTitle "playchess.com"]
[Source "ChessBase"]
[SourceQuality "1"]
[TimeControl "40/5400+30:1800+30"]

1. d4 {[%emt 0:00:04]} Nf6 {[%emt 0:00:08]} 2. Nf3 {[%emt 0:00:06]} d5 {[%emt 0:00:07]} 3. Bf4 {[%emt 0:00:04]} c5 {[%emt 0:00:05]} 4. c3 {[%emt 0:00:04]} Nc6 {[%emt 0:00:07]} 5. e3 {[%emt 0:00:04]} Qb6 {[%emt 0:00:19]} 6. Qc2 {[%emt 0:00:04]} cxd4 {[%emt 0:00:31]} 7. exd4 {[%emt 0:00:09]} Bf5 {[%emt 0:00:21]} 8. Qb3 {[%emt 0:00:17]} Nd7 {[%emt 0:10:28]} 9. Qxd5 {[%emt 0:21:24]} Qxb2 {[%emt 0:07:17]} 10. Qxf5 {[%emt 0:00:19]} e6 {[%emt 0:01:33]} 11. Qb5 {[%emt 0:02:01]} Qxa1 {[%emt 0:02:38]} 12. Qxb7 {[%emt 0:00:39]} Rd8 {[%emt 0:01:57]} 13. Qb3 {[%emt 0:01:48]} Na5 {[%emt 0:04:02]} 14. Qc2 {[%emt 0:00:35]} e5 {[%emt 0:01:03]} 15. Nxe5 {[%emt 0:00:45]} Rb8 {[%emt 0:00:24]} 16. Bd3 {[%emt 0:00:59]} Bd6 {[%emt 0:19:45]} 17. Nxd7 {[%emt 0:03:16]} Rb2 {[%emt 0:01:44]} 18. Qa4 {[%emt 0:10:02]} Bxf4 {[%emt 0:11:35]} 19. Nf6+ {[%emt 0:00:39]} Ke7 {[%emt 0:00:07]} 20. Nd5+ {[%emt 0:00:37]} Kd6 {[%emt 0:00:51]} 21. Nxf4 {[%emt 0:05:55]} Qxa2 {[%emt 0:12:26]} 22. Qxa2 {[%emt 0:01:34]} Rxa2 {[%emt 0:00:01]} 23. O-O {[%emt 0:00:41]} Rb8 {[%emt 0:02:34]} 24. Bxh7 {[%emt 0:05:38]} g6 {[%emt 0:00:59]} 25. Nxg6 {[%emt 0:00:14]} fxg6 {[%emt 0:00:01]} 26. Bxg6 {[%emt 0:00:09]} Nc6 {[%emt 0:04:55]} 27. f4 {[%emt 0:03:28]} Rg8 {[%emt 0:03:16]} 28. Be4 {[%emt 0:01:24]} Re2 {[%emt 0:02:39]} 29. Bf3 {[%emt 0:00:52]} Rb2 {[%emt 0:00:26]} 30. Na3 {[%emt 0:03:06]} Na5 {[%emt 0:01:20]} 31. f5 {[%emt 0:01:02]} Rb3 {[%emt 0:02:03]} 32. Nb1 {[%emt 0:03:09]} Nc4 {[%emt 0:01:38]} 33. Re1 {[%emt 0:00:36]} Rxb1 {[%emt 0:01:06]} 34. Rxb1 {[%emt 0:01:26]} Nd2 {[%emt 0:00:06]} 35. Rf1 {[%emt 0:05:14]} Nxf1 {[%emt 0:00:07]} 36. Kxf1 {[%emt 0:00:03]} a5 {[%emt 0:00:03]} 37. Bd1 {[%emt 0:01:35]} Rg5 {[%emt 0:00:22]} 38. g4 {[%emt 0:02:19]} Kd5 {[%emt 0:03:08]} 39. h4 {[%emt 0:01:11]} Rg7 {[%emt 0:00:24]} 40. f6 {[%emt 0:00:00]} Rc7 {[%emt 0:00:00]} 41. Bb3+ {[%emt 0:00:56]} Ke4 {[%emt 0:04:05]} 42. f7 {[%emt 0:00:35]} Rc8 {[%emt 0:00:15]} 43. Be6 {[%emt 0:00:11]} Rb8 {[%emt 0:04:24]} 44. g5 {[%emt 0:00:58]} Kf3 {[%emt 0:02:25]} 45. Bd5+ 1-0

[Event "HUN-ch U8-U18 2019"]
[Site "Balatonlelle"]
[Date "2019.06.27"]
[Round "8.16"]
[White "Bohus, Adam"]
[Black "Vodila, Martin Botond"]
[Result "1-0"]
[WhiteElo "2196"]
[BlackElo "2243"]
[Annotator "TA"]
[PlyCount "51"]
[EventDate "2019.06.21"]
[EventType "swiss"]
[EventCountry "HUN"]
[SourceTitle "playchess.com"]
[Source "ChessBase"]
[SourceQuality "1"]

{[%evp 23,51,48,59,56,145,153,170,172,164,168,212,211,222,215,178,165,174,135,253,229,448,461,550,550,583,448,729,715,712,685]} 1. e4 e6 2. d4 d5 3. e5 c5 4. c3 Nc6 5. Nf3 Qb6 6. a3 a5 7. Bd3 cxd4 8. cxd4 Bd7 9. O-O Nxd4 10. Nxd4 Qxd4 11. Nc3 Qxe5 12. Re1 Qd6 13. Nb5 {C02: French: Advance Variation} Qb8 {[#]} (13... Qb6 $1 $14) 14. Qf3 $1 $16 {Hoping for Bf4.} Bd6 15. Nxd6+ {White is clearly better.} Qxd6 16. Bf4 Qb6 {[#]} 17. Qg3 $1 {[%cal Rg3g7]} Ne7 $146 ({Predecessor:} 17... Kf8 18. Bc7 Qb3 19. Bd6+ Ne7 20. Rac1 Bc6 21. Rxe6 fxe6 {1-0 (31) Rozentalis,E (2600)-Ramme,C (2139) Bad Wiessee 2014}) 18. Qxg7 Rg8 19. Qxh7 Qxb2 20. Be5 $36 {[%mdl 2048] White is in control.} Qd2 (20... d4 $16) 21. h4 a4 $2 (21... d4 22. Be4 Bc6 23. Bxc6+ bxc6) 22. Rad1 $18 {White is clearly winning.} Qa5 23. h5 Bc6 24. h6 Rc8 {[#]} (24... Rg4 $142 25. Qh8+ Kd7) 25. Qxg8+ $1 {[%mdl 576] Clearance, Promotion} Nxg8 26. h7 {Accuracy: White = 100%, Black = 18%.} 1-0

[Event "HUN-ch U8-U18 2019"]
[Site "Balatonlelle"]
[Date "2019.06.26"]
[Round "8.16"]
[White "Daroczi, Donat"]
[Black "Kovacs, Laszlo Jr."]
[Result "1-0"]
[WhiteElo "2050"]
[BlackElo "2101"]
[Annotator "TA"]
[PlyCount "61"]
[EventDate "2019.06.21"]
[EventType "swiss"]
[EventCountry "HUN"]
[SourceTitle "playchess.com"]
[Source "ChessBase"]
[SourceQuality "1"]

{[%evp 17,105,38,81,63,116,68,52,60,64,53,62,53,101,24,39,-16,-14,-9,94,89,90,89,79,32,133,76,176,179,204,163,267,308,314,305,295,316,318,29,78,78,67,0,327,321,310,265,279,241,262,0,0,0,44,-157,-157,-170,-152,-158,-18,-48,-34,-14,0,0,0,-4,12,7,189,167,214,0,296,295,562,561,791,763,858,724,1379,1204,1454,1424,29989,29990,29992,29992,29996,29997]} 1. d4 Nf6 2. c4 g6 3. Nc3 Bg7 4. e4 d6 5. h3 O-O 6. Bg5 Nbd7 7. Nf3 e5 8. d5 h6 9. Be3 Ne8 10. g4 {E90: King's Indian: Classical: Early deviations and 6 h3} Qe7 (10... Nef6 $14) 11. Rg1 Nc5 $146 ({Predecessor:} 11... c5 12. a3 Nc7 13. b4 b6 14. Rb1 a5 15. bxc5 bxc5 16. Bd3 Ra6 {1-0 (54) Garriga Cazorla,P (2445)-Diyap,M (2111) Karlsruhe 2019}) 12. b4 {White is slightly better.} Nd7 13. Bd3 c6 14. Nd2 cxd5 15. Nxd5 (15. cxd5 $16 b6 16. a4) 15... Qd8 $1 $11 16. Qb3 (16. Nb3 $14) 16... Nc7 17. Rc1 Nxd5 (17... Ne6 $11) 18. cxd5 $16 b6 19. Nc4 $36 {[%mdl 2048] White is in control.} Qe7 20. Na3 Rb8 (20... a5 $14) 21. Nb5 (21. Rc7 $142) 21... a6 (21... Rb7 $16 {was called for.}) 22. Na7 $18 {Threatens to win with Nc6.} Qh4 23. Rg3 (23. Nxc8 $6 Rfxc8 24. Rc6 (24. Bxa6 Rxc1+ 25. Bxc1 Nf6 $14) 24... a5 $16) 23... b5 (23... Ra8 $142) 24. g5 (24. Nxc8 Rbxc8 25. Rc6 Nf6 $16) (24. Rxc8 Rfxc8 25. Nxc8 Rxc8 $16) 24... hxg5 25. Bxg5 (25. Nxc8 Rfxc8 26. Rxc8+ Rxc8 $14) 25... Qh7 26. Nc6 (26. Nxc8 Rbxc8 27. Rc6 Bf6 $16) (26. Rxc8 Rfxc8 27. Nxc8 Rxc8 $16) 26... Ra8 27. Be7 $2 (27. Ne7+ $18 Kh8 28. Rc7) 27... Bh6 28. Rc2 Bf4 29. Bxf8 (29. Be2 $14) 29... Bxg3 $4 {[%mdl 8192]} (29... Kxf8 $11 30. Rf3 Nf6) 30. Bxd6 (30. fxg3 Kxf8 31. Bf1 Nf6 $11) 30... Bh4 31. Be2 {Played: Nc6-b8} 1-0

[Event "HUN-ch U8-U18 2019"]
[Site "Balatonlelle"]
[Date "2019.06.27"]
[Round "8.17"]
[White "Kovacs, Gabor Etele"]
[Black "Kaloczi, Kristof"]
[Result "1-0"]
[WhiteElo "2062"]
[BlackElo "2098"]
[Annotator "NA RC"]
[PlyCount "63"]
[EventDate "2019.06.21"]
[EventType "swiss"]
[EventCountry "HUN"]
[SourceTitle "playchess.com"]
[Source "ChessBase"]
[SourceQuality "1"]
[TimeControl "40/5400+30:1800+30"]

1. e4 {[%emt 0:00:03]} e6 {[%emt 0:00:10]} 2. d4 {[%emt 0:00:31]} d5 {[%emt 0:00:06]} 3. Nd2 {[%emt 0:01:30]} Nc6 {[%emt 0:00:08]} 4. Ngf3 {[%emt 0:00:13]} Nf6 {[%emt 0:00:08]} 5. e5 {[%emt 0:00:08]} Nd7 {[%emt 0:00:01]} 6. Nb3 {[%emt 0:00:13]} a5 {[%emt 0:01:15]} 7. a4 {[%emt 0:00:08]} b6 {[%emt 0:01:28]} 8. c3 {[%emt 0:05:46]} f6 {[%emt 0:07:24]} 9. exf6 {[%emt 0:00:37]} Qxf6 {[%emt 0:00:09]} 10. Bg5 {[%emt 0:00:56]} Qf7 {[%emt 0:02:35]} 11. Bd3 {[%emt 0:04:26]} Bd6 {[%emt 0:04:32]} 12. Bh4 {[%emt 0:16:39]} Bf4 {[%emt 0:10:05]} 13. Qe2 {[%emt 0:17:21]} O-O {[%emt 0:09:07]} 14. Ng5 {[%emt 0:07:02]} Bxg5 {[%emt 0:00:50]} 15. Bxg5 {[%emt 0:00:02]} e5 {[%emt 0:14:01]} 16. O-O {[%emt 0:00:38]} e4 {[%emt 0:05:56]} 17. Bb5 {[%emt 0:00:21]} Ncb8 {[%emt 0:07:26]} 18. Qd2 {[%emt 0:06:40]} c6 {[%emt 0:05:32]} 19. Be2 {[%emt 0:00:08]} Nf6 {[%emt 0:01:09]} 20. f3 {[%emt 0:01:45]} Bf5 {[%emt 0:01:51]} 21. Bxf6 {[%emt 0:06:39]} gxf6 {[%emt 0:00:24]} 22. Qf4 {[%emt 0:01:06]} Bg6 {[%emt 0:06:04]} 23. fxe4 {[%emt 0:01:30]} Bxe4 {[%emt 0:01:48]} 24. Nd2 {[%emt 0:00:22]} Bg6 {[%emt 0:05:10]} 25. Rae1 {[%emt 0:10:07]} Ra7 {[%emt 0:06:08]} 26. Bg4 {[%emt 0:05:19]} f5 {[%emt 0:02:23]} 27. Qe5 {[%emt 0:01:33]} Qg7 {[%emt 0:01:51]} 28. Qe6+ {[%emt 0:00:46]} Kh8 {[%emt 0:02:31]} 29. Bxf5 {[%emt 0:00:46]} Rf6 {[%emt 0:02:29]} 30. Qe5 {[%emt 0:03:20]} Rf8 {[%emt 0:00:41]} 31. Bxg6 {[%emt 0:01:11]} Rg8 {[%emt 0:01:06]} 32. Rf7 {[%emt 0:02:30]} 1-0

[Event "HUN-ch U8-U18 2019"]
[Site "Balatonlelle"]
[Date "2019.06.26"]
[Round "8.17"]
[White "Szikszai, Bertalan"]
[Black "Tran, David"]
[Result "0-1"]
[WhiteElo "1896"]
[BlackElo "2078"]
[Annotator "NA RC"]
[PlyCount "70"]
[EventDate "2019.06.21"]
[EventType "swiss"]
[EventCountry "HUN"]
[SourceTitle "playchess.com"]
[Source "ChessBase"]
[SourceQuality "1"]
[TimeControl "40/5400+30:1800+30"]

1. e4 {[%emt 0:00:03]} e5 {[%emt 0:00:02]} 2. Nf3 {[%emt 0:00:05]} Nc6 {[%emt 0:00:03]} 3. Bc4 {[%emt 0:00:07]} Bc5 {[%emt 0:00:02]} 4. c3 {[%emt 0:00:04]} Nf6 {[%emt 0:00:02]} 5. d4 {[%emt 0:00:07]} exd4 {[%emt 0:00:02]} 6. cxd4 {[%emt 0:00:06]} Bb4+ {[%emt 0:00:05]} 7. Bd2 {[%emt 0:00:09]} Nxe4 {[%emt 0:00:08]} 8. Bxb4 {[%emt 0:01:29]} Nxb4 {[%emt 0:01:45]} 9. Bxf7+ {[%emt 0:04:14]} Kxf7 {[%emt 0:00:13]} 10. Qb3+ {[%emt 0:00:04]} Kf8 {[%emt 0:00:06]} 11. Qxb4+ {[%emt 0:01:19]} Qe7 {[%emt 0:00:02]} 12. Qxe7+ {[%emt 0:03:41]} Kxe7 {[%emt 0:00:03]} 13. Nc3 {[%emt 0:01:12]} Nxc3 {[%emt 0:00:06]} 14. bxc3 {[%emt 0:00:07]} d6 {[%emt 0:00:07]} 15. Nd2 {[%emt 0:08:36]} Be6 {[%emt 0:03:27]} 16. Nf1 {[%emt 0:05:41]} Rae8 {[%emt 0:00:40]} 17. Kd2 {[%emt 0:00:35]} Rhf8 {[%emt 0:01:40]} 18. f3 {[%emt 0:00:23]} Kd7 {[%emt 0:00:55]} 19. Ne3 {[%emt 0:00:22]} Re7 {[%emt 0:00:50]} 20. Rhe1 {[%emt 0:01:48]} Rfe8 {[%emt 0:04:09]} 21. a3 {[%emt 0:03:17]} a5 {[%emt 0:00:56]} 22. f4 {[%emt 0:03:08]} Rf8 {[%emt 0:02:23]} 23. Rf1 {[%emt 0:01:40]} Ref7 {[%emt 0:00:50]} 24. g3 {[%emt 0:04:20]} h6 {[%emt 0:02:12]} 25. h4 {[%emt 0:08:03]} h5 {[%emt 0:03:35]} 26. Rab1 {[%emt 0:03:31]} b6 {[%emt 0:00:38]} 27. Rb5 {[%emt 0:04:16]} g6 {[%emt 0:01:18]} 28. c4 {[%emt 0:16:21]} Bf5 {[%emt 0:11:50]} 29. Rc1 {[%emt 0:03:53]} Kc6 {[%emt 0:04:22]} 30. Rb3 {[%emt 0:10:01]} Re8 {[%emt 0:04:39]} 31. Rbc3 {[%emt 0:02:13]} Rfe7 {[%emt 0:01:45]} 32. Rb3 {[%emt 0:11:02]} a4 {[%emt 0:02:24]} 33. Rbc3 {[%emt 0:02:25]} Re4 {[%emt 0:00:48]} 34. Nc2 {[%emt 0:01:23]} Re2+ {[%emt 0:01:01]} 35. Kd1 {[%emt 0:00:07]} Bg4 {[%emt 0:00:10]} 0-1

[Event "HUN-ch U8-U18 2019"]
[Site "Balatonlelle"]
[Date "2019.06.27"]
[Round "8.18"]
[White "Horvath, Balazs"]
[Black "Barasits, Balint"]
[Result "1-0"]
[WhiteElo "2139"]
[BlackElo "2022"]
[Annotator "TA"]
[PlyCount "87"]
[EventDate "2019.06.21"]
[EventType "swiss"]
[EventCountry "HUN"]
[SourceTitle "playchess.com"]
[Source "ChessBase"]
[SourceQuality "1"]

{[%evp 9,87,22,46,47,55,65,69,69,79,69,73,18,37,28,114,127,177,160,169,152,224,160,402,408,397,379,385,252,256,256,251,256,252,235,237,203,239,242,221,182,182,182,182,182,182,181,224,210,236,242,298,303,360,360,347,343,390,301,310,309,380,268,279,269,384,379,357,345,351,340,647,641,618,605,734,715,739,629,585,608]} 1. e4 e5 2. Bc4 Nf6 3. d3 h6 4. Nc3 Nc6 5. f4 d6 (5... Bb4 6. Nf3 d6 7. O-O O-O 8. Nd5 Bc5+ 9. Kh1 Bg4 {½-½ (9) So,W (2531)-Dao,T (2530) Manila 2007}) 6. Nf3 {C28: Vienna Game: 2...Nf6 3 Bc4 Nc6} Bg4 7. h3 Bxf3 8. Qxf3 {White is slightly better.} Nd4 9. Qf2 c6 10. Be3 ({Better is} 10. a4 $16) 10... b5 $146 ({Predecessor:} 10... c5 11. O-O a6 12. fxe5 dxe5 13. Nd5 {1-0 (22) Stanger,L (2000)-Zarow,E (1600) Rowy 2003}) 11. Bb3 $36 {[%mdl 2048] White has some pressure.} Nxb3 (11... a5 $1 $11 {remains equal.}) 12. axb3 $16 b4 13. Ne2 {[%cal Bc3e2,Be2g3,Bg3f5][%mdl 32]} Qc7 14. O-O c5 (14... a5 $16 15. fxe5 dxe5) 15. Ng3 Be7 $2 {[#]} (15... a5 $16 16. Nf5 g6) 16. Nf5 Bf8 17. fxe5 dxe5 18. Nxh6 a5 19. Bg5 Ra6 20. Nf5 ({And not} 20. Bxf6 Rxf6 21. Nf5 g6 $17) 20... Ng8 21. Ne3 f6 22. Nd5 Qc8 23. Qg3 Ne7 24. Nxe7 Bxe7 25. Be3 g5 26. Qf2 Ra7 27. Ra4 Qc6 28. Rfa1 Qc7 29. Qf5 Rh6 30. Qe6 Rg6 31. c3 bxc3 32. bxc3 Qd7 33. Qd5 Qxd5 34. exd5 Rb7 35. Rb1 Bd8 36. Bxc5 Rc7 (36... g4 {keeps fighting.} 37. hxg4 Rd7) 37. Rxa5 $18 Rd7 38. Ra8 Rxd5 39. d4 e4 $2 {[#]} (39... g4 40. h4 exd4) 40. c4 {White is clearly winning.} Rd7 41. b4 {[%cal Bb3b4,Bb4b5][%mdl 32]} f5 42. b5 Kf7 43. Ra7 Rxa7 44. Bxa7 {Accuracy: White = 75%, Black = 33%.} 1-0